Name a Capital City of Each Name Length - Statistics

General Stats
  • This quiz has been taken 27,536 times
  • The average score is 7 of 9
Answer Stats
Length Capitals # of Capitals % Correct
6 Ankara, Asmara, Astana, Athens, Bamako, Bangui, ... 44
99%
5 Abuja, Accra, Amman, Cairo, Dakar, Dhaka, Hanoi, ... 20
98%
4 Apia, Baku, Bern, Dili, Doha, Juba, Lima, Lome, ... 14
98%
8 Ashgabat, Asunción, Belgrade, Belmopan, ... 31
92%
9 Amsterdam, Bucharest, Islamabad, Jerusalem, ... 17
85%
7 Algiers, Baghdad, Bangkok, Beijing, Bishkek, ... 23
84%
10 Basseterre, Bratislava, Bridgetown, Copenhagen, ... 12
82%
11 Brazzaville, Ouagadougou, Tegucigalpa, Ulaanbaatar 4
51%
12 Antananarivo, Bloemfontein, Yamoussoukro 3
42%
No matching quizzes found
Score Distribution
Percent of People with Each Score
Percentile by Number Answered
Your Score History
You have not taken this quiz